| 000 | 00332nam a2200133Ia 4500 | ||
|---|---|---|---|
| 005 | 20260328104247.0 | ||
| 008 | 260328s9999||||xx |||||||||||||| ||und|| | ||
| 100 | _aMarchán Fiz, Simón | ||
| 245 | 0 |
_aLa Arquitectura del Siglo XX / _cSimón Marchán Fiz |
|
| 260 | _bAC | ||
| 300 | _a541 p. | ||
| 650 | _aARQUITECTURA | ||
| 942 | _cBK | ||
| 999 |
_c10121 _d10121 |
||